| 000 | 00000nam##2200000za#4500 |
| 001 | 9.595050 |
| 003 | CaOODSP |
| 005 | 20210624202735 |
| 007 | cr ||||||||||| |
| 008 | 150406|2008||||xxc|||||o f|0| 0 fre|d |
| 020 | |a978-0-662-07105-1 |
| 040 | |aCaOODSP|bfre |
| 043 | |an-cn--- |
| 086 | 1 |aCW69-1/114F-PDF |
| 110 | 2 |aService canadien de la faune. |
| 245 | 10|aHabitats terrestres clés pour les oiseaux migrateurs dans les Territoires du Nord-Ouest et au Nunavut / |h[ressource électronique]|c[par] P.B. Latour ... [et al.]. |
| 250 | |a1ère éd. |
| 260 | |aOttawa - Ontario : |bEnvironnement Canada. |cFévrier 2008. |
| 300 | |a135p. en 9 fichiers PDF.|bcartes, références, tableaux, index |
| 490 | 1 |aPublication hors série - Service canadien de la faune|vN° 114 |
| 500 | |aPublié en quelques fichiers PDF. L'ISBN (978-0-662-07104-4) qui a été copié dans cette publication est incorrect. |
| 520 | 3 |aDécrit les habitats terrestres clés qui sont essentiels au bien-être de diverses espèces d’oiseaux migrateurs au Canada. |
| 590 | |a09-33|b2009-08-14 |
| 691 | 07|aOiseau migrateur|2gcpds |
| 720 | 1 |aLatour, P.B. |
| 775 | 08|tKey migratory bird terrestrial habitat sites in the Northwest Territories and Nunavut / |w(CaOODSP)9.563039 |
| 776 | 0#|tHabitats terrestres clé pour les oiseaux migrateurs dans les Territoires du Nord-Ouest et au Nunavut / |w(CaOODSP)9.627584 |
| 830 | #0|aPublication hors-série (Service canadien de la faune)|vN° 114|w(CaOODSP)9.501188 |
| 856 | 40|ahttp://publications.gc.ca|qPDF|s1428 Ko|uhttps://publications.gc.ca/collections/collection_2009/ec/CW69-1-114-1F.pdf |
| 856 | 40|ahttp://publications.gc.ca|qPDF|s1282 Ko|uhttps://publications.gc.ca/collections/collection_2009/ec/CW69-1-114-2F.pdf |
| 856 | 40|ahttp://publications.gc.ca|qPDF|s1898 Ko|uhttps://publications.gc.ca/collections/collection_2009/ec/CW69-1-114-3F.pdf |
| 856 | 40|ahttp://publications.gc.ca|qPDF|s1426 Ko|uhttps://publications.gc.ca/collections/collection_2009/ec/CW69-1-114-4F.pdf |
| 856 | 40|ahttp://publications.gc.ca|qPDF|s1622 Ko|uhttps://publications.gc.ca/collections/collection_2009/ec/CW69-1-114-5F.pdf |
| 856 | 40|ahttp://publications.gc.ca|qPDF|s1514 Ko|uhttps://publications.gc.ca/collections/collection_2009/ec/CW69-1-114-8F.pdf |
| 856 | 40|ahttp://publications.gc.ca|qPDF|s1541 Ko|uhttps://publications.gc.ca/collections/collection_2009/ec/CW69-1-114-7F.pdf |
| 856 | 40|ahttp://publications.gc.ca|qPDF|s1466 Ko|uhttps://publications.gc.ca/collections/collection_2009/ec/CW69-1-114-6F.pdf |
| 856 | 40|ahttp://publications.gc.ca|qPDF|s724 Ko|uhttps://publications.gc.ca/collections/collection_2009/ec/CW69-1-114-9F.pdf|yN° 114 |